000 00377 a2200157 4500
001 151167
040 _cEscola São Tomás de Aquino
100 _aVIEIRA, Janaina
240 1 0 _aSó entre nós Abelardo e Heloisa
_lpor
245 1 0 _aSó entre nós Abelardo e Heloisa
300 _a92
362 0 _a2003
440 1 _aSaraiva
697 _a*LITERATURA JUVENIL
942 _cBK
999 _c151167
_d151167